banner-ar

حكاية بخيل / (Record no. 34819)

MARC details
000 -الفاتح
حقل البيانات ثابتة الطول 00592nam a2200205Ia 4500
008 - عناصر البيانات ثابتة الطول - معلومات عامة
حقل البيانات ثابتة الطول 140319s9999 xx 000 0 ara d
040 ## - مصدر الفهرسة
وكالة الفهرسة الأصلية GCL /
وكالة النسخ GCL
082 04 - رقم تصنيف ديوى العشرى
رقم التصنيف ط
رقم المادة 813.088
-- د ق
100 1# - المدخل الرئيسى - إسم شخصى
الإسم الشخصى ابراهيم يونس
245 10 - بيان العنوان
العنوان حكاية بخيل /
بيان المسئوليه,etc ابراهيم يونس
700 1# - المدخل الاضافى - اسم شخصى
الإسم الشخصى وصفى ال وصفى
490 ## - بيان السلسلة
عنوان السلسلة قصة واية
رقم المجلد/ التعيين التسلسلي 0
650 04 - المدخل الاضافى بالموضوع-مصطلح موضوعى
مصطلح موضوعي الاطفال
650 04 - المدخل الاضافى بالموضوع-مصطلح موضوعى
مصطلح موضوعي قصص الاطفال
650 04 - المدخل الاضافى بالموضوع-مصطلح موضوعى
مصطلح موضوعي القصص الدينية
650 04 - المدخل الاضافى بالموضوع-مصطلح موضوعى
مصطلح موضوعي القصص القرآنية
942 ## - عناصر المدخل الإضافي( كوها)
مصدر التصنيف او مخطط الترفيف Dewey Decimal Classification
Koha [default] item type كتاب
260 ## - PUBLICATION, DISTRIBUTION, ETC. (IMPRINT)
-- [S.N] :
-- دار المعارف
Holdings
حالة التراجع حالة الفقد حالة تلف ليس للاعارة المكان المؤقت الموقع الحالى تاريخ الاكتساب اجمالي اﻻعارات رقم الطلب الباركود تاريخ اخر مشاهدة تاريخ تفعيل السعر نوع وعاء كوها
        مكتبة القاهرة الكبرى مكتبة القاهرة الكبرى 03/26/2014   ط\813.088\د ق 83752 03/26/2014 03/26/2014 كتاب
        مكتبة القاهرة الكبرى مكتبة القاهرة الكبرى 03/26/2014   ط\813.088\د ق 83753 03/26/2014 03/26/2014 كتاب
        مكتبة القاهرة الكبرى مكتبة القاهرة الكبرى 03/26/2014   ط\813.088\د ق 83754 03/26/2014 03/26/2014 كتاب
        مكتبة القاهرة الكبرى مكتبة القاهرة الكبرى 03/26/2014   ط\813.088\د ق 83755 03/26/2014 03/26/2014 كتاب
        مكتبة القاهرة الكبرى مكتبة القاهرة الكبرى 03/26/2014   ط\813.088\د ق 83756 03/26/2014 03/26/2014 كتاب
        مكتبة القاهرة الكبرى مكتبة القاهرة الكبرى 03/26/2014   ط\813.088\د ق 83757 03/26/2014 03/26/2014 كتاب
        مكتبة القاهرة الكبرى مكتبة القاهرة الكبرى 03/26/2014   ط\813.088\د ق 83758 03/26/2014 03/26/2014 كتاب
        مكتبة القاهرة الكبرى مكتبة القاهرة الكبرى 03/26/2014   ط\813.088\د ق 83759 03/26/2014 03/26/2014 كتاب
        مكتبة القاهرة الكبرى مكتبة القاهرة الكبرى 03/26/2014   ط\813.088\د ق 83760 03/26/2014 03/26/2014 كتاب
        مكتبة القاهرة الكبرى مكتبة القاهرة الكبرى 03/26/2014   ط\813.088\د ق 83761 03/26/2014 03/26/2014 كتاب
        مكتبة القاهرة الكبرى مكتبة القاهرة الكبرى 03/26/2014   ط\813.088\د ق 83762 03/26/2014 03/26/2014 كتاب
        مكتبة القاهرة الكبرى مكتبة القاهرة الكبرى 03/26/2014   ط\813.088\د ق 83763 03/26/2014 03/26/2014 كتاب
        مكتبة القاهرة الكبرى مكتبة القاهرة الكبرى 03/26/2014   ط\813.088\د ق 83764 03/26/2014 03/26/2014 كتاب
        مكتبة القاهرة الكبرى مكتبة القاهرة الكبرى 03/26/2014   ط\813.088\د ق 83765 03/26/2014 03/26/2014 كتاب
        مكتبة القاهرة الكبرى مكتبة القاهرة الكبرى 03/26/2014   ط\813.088\د ق 83766 03/26/2014 03/26/2014 كتاب
        مكتبة القاهرة الكبرى مكتبة القاهرة الكبرى 03/26/2014   ط\813.088\د ق 83767 03/26/2014 03/26/2014 كتاب

Powered By

EGPV